00579nam a22002057a 4500001001000000003000500010005001700015008004100032010001000073011001000083035001000093040000900103082002000112100003500132245009300167250001000260260006100270300001100331650003100342000037964CHAP20220329135448.0971013s1984 r 00010 d a36908 a37880 a42000 cCHAP04a551.5bO71 198400aOrtiz Solorio, Carlos Alberto.10aElementos de agrometeorología cuantitativa en aplicaciones en la República Mexicana. a2 ed. aChapingo, Méx. :bUACH. Departamento de Suelos,c1984. a235 p.14aMeteorología agrícola.